[Event "International Championship of Central Se"]
[Site "Paracin, hotel "]
[Date "2012.07.12"]
[Round "8.29"]
[White "Dimic, Pavle"]
[Black "Livaja, Mario"]
[Result "1-0"]
[WhiteElo "2116"]
[BlackElo "2277"]
[PlyCount "127"]
[EventDate "2012.07.06"]

1. d4 Nf6 2. Nf3 c5 3. d5 d6 4. Nc3 g6 5. e4 Bg7 6. Bb5+ Nfd7 7. a4 O-O 8. O-O
Na6 9. Re1 Nc7 10. Bf1 Nf6 11. Bf4 Bg4 12. h3 Bxf3 13. Qxf3 Nd7 14. Qe2 b6 15.
Qd2 Re8 16. Bh2 a6 17. Rab1 Rb8 18. f4 b5 19. axb5 axb5 20. b4 c4 21. Kh1 Ra8
22. Bg1 Ra3 23. Bd4 Nf6 24. Be2 Qd7 25. Bf3 Rd8 26. Ra1 Rda8 27. Rxa3 Rxa3 28.
Kh2 h6 29. Rd1 e6 30. Nb1 Ra6 31. dxe6 Qxe6 32. Nc3 Qe8 33. Qe1 Ne6 34. Be3 g5
35. f5 Nc7 36. Bd4 Ra3 37. Qg3 Qe7 38. h4 gxh4 39. Qxh4 Kf8 40. Ne2 Nce8 41. e5
Rxf3 42. gxf3 Kg8 43. Ng3 dxe5 44. Bc5 Qb7 45. Ne4 Nxe4 46. Qxe4 Qc8 47. Rg1
Kh8 48. Qg4 Qd7 49. Bf8 Qd2+ 50. Kh3 Qg5 51. Qxg5 hxg5 52. Be7 Bf6 53. Bxf6+
Nxf6 54. Rd1 Kg7 55. Rd6 e4 56. fxe4 Nxe4 57. Rb6 Nc3 58. Kg4 f6 59. Kh5 Kf7
60. Rb7+ Ke8 61. Kg6 g4 62. Kxf6 g3 63. Ke6 Kd8 64. f6 1-0

[Event "International Championship of Central Se"]
[Site "Paracin, hotel "]
[Date "2012.07.12"]
[Round "8.30"]
[White "Miladinovic, Lena"]
[Black "Nikolic, Dragovan"]
[Result "1/2-1/2"]
[WhiteElo "2078"]
[BlackElo "2261"]
[PlyCount "40"]
[EventDate "2012.07.06"]

1. d4 d5 2. Nf3 Nf6 3. e3 e6 4. Bd3 Bd6 5. O-O O-O 6. b3 b6 7. Bb2 Bb7 8. Nbd2
Nbd7 9. Nb1 Nb8 10. Na3 Na6 11. Nb1 Nb8 12. c3 c6 13. Nbd2 Nbd7 14. h3 h6 15.
Kh1 Kh8 16. Qe2 Qe7 17. Rac1 Rac8 18. Rfe1 Rfe8 19. Kg1 Kg8 20. Rcd1 Rcd8
1/2-1/2

[Event "International Championship of Central Se"]
[Site "Paracin, hotel "]
[Date "2012.07.12"]
[Round "8.31"]
[White "Cvetanovic, Uros"]
[Black "Kalinic, Dusan"]
[Result "1/2-1/2"]
[WhiteElo "2225"]
[BlackElo "2082"]
[PlyCount "59"]
[EventDate "2012.07.06"]

1. e4 c5 2. Nf3 Nc6 3. d4 cxd4 4. Nxd4 g6 5. Nc3 Bg7 6. Be3 Nf6 7. Bc4 O-O 8.
Bb3 a5 9. f3 d5 10. exd5 Nb4 11. Ndb5 a4 12. Nxa4 Nfxd5 13. Bd2 Bd7 14. Nbc3
Bxa4 15. Nxa4 Rxa4 16. Bxa4 Bxb2 17. O-O Bxa1 18. Qxa1 Qb6+ 19. Kh1 Rc8 20. Bh6
Nc3 21. Bb3 Qf6 22. a3 Na6 23. Re1 g5 24. Re3 Qxh6 25. Rxc3 Rxc3 26. Qxc3 Qd6
27. Qe3 Qd1+ 28. Qg1 Qd6 29. Qc1 h6 30. a4 1/2-1/2

[Event "International Championship of Central Se"]
[Site "Paracin, hotel "]
[Date "2012.07.12"]
[Round "8.34"]
[White "Smirnov, Boris"]
[Black "Ratkovic, Miloje"]
[Result "0-1"]
[WhiteElo "2143"]
[BlackElo "2176"]
[PlyCount "84"]
[EventDate "2012.07.06"]

1. g3 d5 2. Bg2 Nf6 3. c4 c6 4. Qb3 dxc4 5. Qxc4 Bf5 6. Nf3 e6 7. O-O Nbd7 8.
Nc3 Be7 9. d3 O-O 10. Qb3 Qc7 11. Bd2 Rad8 12. Rad1 e5 13. Qc2 Rfe8 14. e4 Bg4
15. h3 Bxf3 16. Bxf3 Bc5 17. Bg2 Nf8 18. Kh2 Ne6 19. f4 exf4 20. gxf4 Nh5 21.
Ne2 Bd6 22. e5 Bxe5 23. Qc4 Nhxf4 24. Bxf4 Nxf4 25. Rxf4 g5 26. Rg1 b5 27. Qxc6
Bxf4+ 28. Nxf4 Qxf4+ 29. Kh1 Re2 30. Qxb5 Rde8 31. Rf1 Re1 32. Qxe8+ Rxe8 33.
Rxf4 gxf4 34. Be4 f5 35. Bxf5 Re2 36. b4 Kg7 37. a4 Kf6 38. Bxh7 Kg5 39. Kg1 f3
40. Be4 Kf4 41. h4 f2+ 42. Kg2 Ke3 0-1

[Event "International Championship of Central Se"]
[Site "Paracin, hotel "]
[Date "2012.07.12"]
[Round "8.36"]
[White "Jovanovic, Bojan P"]
[Black "Martic, Zlatko"]
[Result "0-1"]
[WhiteElo "2185"]
[BlackElo "2356"]
[PlyCount "62"]
[EventDate "2012.07.06"]

1. d4 Nf6 2. c4 e6 3. Nf3 d5 4. Nc3 Bb4 5. Bg5 c5 6. cxd5 exd5 7. dxc5 Nbd7 8.
Bxf6 Qxf6 9. Rc1 Nxc5 10. a3 Bxc3+ 11. Rxc3 Ne4 12. Rc2 O-O 13. e3 Qg6 14. Nd4
Re8 15. Qf3 Bg4 16. Qf4 Nf6 17. f3 Bd7 18. Kf2 Nh5 19. Qh4 Qh6 20. f4 Qg6 21.
Be2 Nf6 22. Bf3 Bg4 23. Rc3 Rac8 24. Rhc1 Rxc3 25. Rxc3 Bxf3 26. gxf3 Qb1 27.
Rc2 h6 28. Qh3 Qd1 29. Qf5 a6 30. Re2 Qc1 31. Rc2 Qxe3+ 0-1

[Event "International Championship of Central Se"]
[Site "Paracin, hotel "]
[Date "2012.07.12"]
[Round "8.37"]
[White "Milovanovic, Srboljub"]
[Black "Tisma, Ivan"]
[Result "1/2-1/2"]
[WhiteElo "2217"]
[BlackElo "2134"]
[PlyCount "114"]
[EventDate "2012.07.06"]

1. d4 Nf6 2. c4 g6 3. Nc3 Bg7 4. e4 O-O 5. Be3 c6 6. e5 Ne8 7. f4 d6 8. Nf3 Nc7
9. Be2 c5 10. dxc5 dxe5 11. Nxe5 Bxe5 12. fxe5 Nc6 13. Qxd8 Rxd8 14. Rd1 Rxd1+
15. Kxd1 Nxe5 16. Bf4 f6 17. Bxe5 fxe5 18. Nd5 Na6 19. c6 Kf8 20. cxb7 Bxb7 21.
Rf1+ Kg7 22. Bf3 Nc5 23. Nxe7 e4 24. Be2 Rd8+ 25. Kc2 Rd7 26. Nd5 Bxd5 27. cxd5
Rxd5 28. b4 Nb7 29. a4 Nd6 30. Rd1 Rxd1 31. Bxd1 Kf6 32. Kc3 Ke5 33. Bb3 g5 34.
b5 h5 35. Bc4 Nf5 36. a5 Kd6 37. Bf7 h4 38. Bg6 h3 39. gxh3 Ne7 40. Bxe4 Kc5
41. Bd3 Nc8 42. Kd2 Nd6 43. Ke3 Nxb5 44. Ke4 Nd6+ 45. Ke5 Kc6 46. Kf6 Kd7 47.
Bg6 Nb7 48. Bf7 Nxa5 49. Kxg5 Ke7 50. Kg6 Kf8 51. h4 Nc6 52. Bb3 Ne7+ 53. Kh7
a5 54. h5 Nf5 55. h6 a4 56. Bxa4 Nxh6 57. Kxh6 Kg8 1/2-1/2

[Event "International Championship of Central Se"]
[Site "Paracin, hotel "]
[Date "2012.07.12"]
[Round "8.38"]
[White "Zajic, Milan"]
[Black "Rubil, Marko"]
[Result "1-0"]
[WhiteElo "2151"]
[BlackElo "2205"]
[PlyCount "87"]
[EventDate "2012.07.06"]

1. e4 e5 2. Nf3 Nc6 3. Bb5 Nd4 4. Nxd4 exd4 5. O-O Bc5 6. d3 c6 7. Ba4 d6 8. f4
f5 9. Bb3 Qh4 10. Nd2 Bd7 11. Nf3 Qh5 12. Ng5 Qxd1 13. Rxd1 Ne7 14. Ne6 Bxe6
15. Bxe6 Rf8 16. Re1 Kd8 17. Bd2 Rf6 18. Bb3 Kc7 19. g3 Rd8 20. g4 fxg4 21. f5
d5 22. Bg5 Rf7 23. Re2 Rd7 24. Kg2 h6 25. Bh4 Kb6 26. Rf1 g5 27. Bg3 Rd8 28. f6
Ng6 29. exd5 Bd6 30. dxc6 Nf4+ 31. Bxf4 gxf4 32. Bxf7 f3+ 33. Rxf3 gxf3+ 34.
Kxf3 Rf8 35. Re6 Bxh2 36. cxb7+ Kxb7 37. Be8 Kc7 38. f7 Bd6 39. Rxh6 Be7 40.
Ke4 Bg5 41. Rg6 Be7 42. Rg8 Bc5 43. Kd5 Kb6 44. Rg6+ 1-0

[Event "International Championship of Central Se"]
[Site "Paracin, hotel "]
[Date "2012.07.12"]
[Round "8.39"]
[White "Radovanovic, Nikola"]
[Black "Hadzi - Manev, Ljubomir"]
[Result "1-0"]
[WhiteElo "2191"]
[BlackElo "2089"]
[PlyCount "87"]
[EventDate "2012.07.06"]

1. e4 c5 2. Nf3 e6 3. d4 cxd4 4. Nxd4 a6 5. Bd3 Bc5 6. Nb3 Be7 7. O-O d6 8. f4
Qc7 9. Be3 Nf6 10. N1d2 Nbd7 11. Kh1 b6 12. Qe2 Bb7 13. c4 Rc8 14. Rad1 O-O 15.
Bg1 e5 16. f5 a5 17. Rf3 a4 18. Nc1 Ba6 19. Rh3 Nc5 20. b3 Rfe8 21. Rf1 axb3
22. axb3 b5 23. Bxc5 Qxc5 24. cxb5 Bb7 25. Bc4 Qd4 26. Nf3 Qxe4 27. Bxf7+ Kf8
28. Qxe4 Nxe4 29. Bxe8 Kxe8 30. Rxh7 Kf7 31. Ne2 Rc2 32. Ng3 Ng5 33. Rh8 e4 34.
Nd4 Rb2 35. Rb8 Bd5 36. b6 e3 37. Nge2 Bf6 38. b7 Bxd4 39. Rf8+ Kxf8 40. b8=Q+
Kf7 41. Qxd6 Bxg2+ 42. Kxg2 Rxe2+ 43. Kh1 Bf6 44. Qd3 1-0

[Event "International Championship of Central Se"]
[Site "Paracin, hotel "]
[Date "2012.07.12"]
[Round "8.40"]
[White "Debevec, Blaz"]
[Black "Iliev, Dimitar"]
[Result "0-1"]
[WhiteElo "2083"]
[BlackElo "2137"]
[PlyCount "72"]
[EventDate "2012.07.06"]

1. d4 d6 2. e4 c6 3. Nc3 Qc7 4. f4 e5 5. Nf3 Bg4 6. Be3 Nd7 7. h3 Bxf3 8. Qxf3
Be7 9. O-O-O Ngf6 10. g4 exd4 11. Bxd4 O-O 12. g5 Ne8 13. h4 b5 14. h5 b4 15.
Ne2 c5 16. Be3 c4 17. Qh3 Nc5 18. f5 Nd3+ 19. Kb1 Ne5 20. Nf4 Bxg5 21. Nd5 Qd8
22. Bxg5 Qxg5 23. Be2 a5 24. f6 Qh6 25. Qg3 Ra7 26. Qf2 Rb7 27. Rdg1 Kh8 28.
fxg7+ Nxg7 29. Nf6 b3 30. cxb3 cxb3 31. a3 Rc7 32. Rxg7 Qxg7 33. h6 Qg5 34.
Nxh7 Kxh7 35. Rg1 Rfc8 36. Bc4 Rxc4 0-1

[Event "International Championship of Central Se"]
[Site "Paracin, hotel "]
[Date "2012.07.12"]
[Round "8.41"]
[White "Persson, Richard"]
[Black "Stojkovska, Monika"]
[Result "1-0"]
[WhiteElo "2193"]
[BlackElo "1909"]
[PlyCount "117"]
[EventDate "2012.07.06"]

1. e4 c5 2. Nf3 d6 3. d4 cxd4 4. Nxd4 Nf6 5. Nc3 Nc6 6. Bc4 e6 7. Be3 a6 8. Qe2
Qc7 9. O-O Be7 10. f4 b5 11. Nxc6 Qxc6 12. Bd3 Qc7 13. a3 O-O 14. g4 d5 15. e5
Nd7 16. g5 g6 17. Rf3 Bb7 18. Rh3 Rfd8 19. Rf1 Nf8 20. Bd4 Bc5 21. Qf2 Bxd4 22.
Qxd4 Rac8 23. Nd1 Qc5 24. Qf2 Qxf2+ 25. Nxf2 Nd7 26. Ng4 Rc7 27. Rh6 Kg7 28.
Rf2 Rh8 29. h4 Bc6 30. Rh2 Nf8 31. Nf6 Re7 32. h5 Be8 33. Kf2 Bc6 34. Ke3 Rb7
35. Kd4 Bd7 36. Rh1 Rc7 37. b3 Rc8 38. Ra1 Rc6 39. Rh1 Rc8 40. Rh4 Be8 41. a4
bxa4 42. Bxa6 Ra8 43. Nxe8+ Rxe8 44. bxa4 Rb8 45. Bb5 Rc8 46. c3 gxh5 47. R6xh5
Ng6 48. Rg4 Ne7 49. Rh1 Nf5+ 50. Kd3 Rc7 51. Ra1 Rhc8 52. Ra3 Rc5 53. Rg1 Ra8
54. Rb1 Kg6 55. a5 Kh5 56. a6 Ra7 57. Be8 Kg4 58. Rb7 Rc7 59. Rxc7 1-0

[Event "International Championship of Central Se"]
[Site "Paracin, hotel "]
[Date "2012.07.12"]
[Round "8.42"]
[White "Zarkovic, Mila"]
[Black "Ristovich, Dmitar S"]
[Result "1/2-1/2"]
[WhiteElo "1996"]
[BlackElo "1916"]
[PlyCount "70"]
[EventDate "2012.07.06"]

1. e4 c5 2. Nf3 Nc6 3. d4 cxd4 4. Nxd4 g6 5. Nc3 Bg7 6. Be3 Nf6 7. Bc4 Qa5 8.
O-O O-O 9. Bb3 d6 10. h3 Bd7 11. Re1 Rac8 12. f3 Rfe8 13. Qe2 Nxd4 14. Bxd4 Bc6
15. Rad1 Nd7 16. Qc4 Bxd4+ 17. Qxd4 Qc5 18. Nd5 Qxd4+ 19. Rxd4 Nc5 20. c3 Nxb3
21. axb3 Bxd5 22. exd5 Kf8 23. Rde4 Rc5 24. c4 a5 25. Kf2 b5 26. R1e3 f5 27.
Rh4 Kg7 28. Ke1 Rc7 29. Kd2 Rb8 30. Kc2 Rbb7 31. Rc3 Rc5 32. Rd4 Kf6 33. f4 Rd7
34. Re3 Rdc7 35. Rc3 Rd7 1/2-1/2

[Event "International Championship of Central Se"]
[Site "Paracin, hotel "]
[Date "2012.07.12"]
[Round "8.43"]
[White "Kovacevic, Bozidar"]
[Black "Bejatovic, Bojana"]
[Result "0-1"]
[WhiteElo "1915"]
[BlackElo "1941"]
[PlyCount "126"]
[EventDate "2012.07.06"]

1. g4 d5 2. Bg2 c6 3. h3 e5 4. d3 Nf6 5. Nd2 Bc5 6. Nb3 Bb6 7. g5 Nfd7 8. h4
Nf8 9. Nf3 Qe7 10. e3 Bg4 11. Qd2 Nbd7 12. c3 e4 13. Nh2 Bh5 14. dxe4 dxe4 15.
Qc2 f5 16. gxf6 Nxf6 17. Nd2 Rd8 18. Nhf1 Ng6 19. Ng3 Nf4 20. O-O Nxg2 21. Kxg2
Bg4 22. Ndxe4 O-O 23. f3 Bc8 24. Nxf6+ Rxf6 25. e4 Rg6 26. Bg5 Qd7 27. Rh1 Qc7
28. f4 Rxg5 29. hxg5 Qxf4 30. Rad1 Re8 31. g6 h6 32. Rdf1 Qg4 33. Qe2 Qxg6 34.
Qh5 Qe6 35. Qf5 Qxa2 36. Qf3 Qxb2+ 37. Ne2 Qa2 38. e5 Bc5 39. Rh5 Rf8 40. Qd3
Rxf1 41. Kxf1 Qf7+ 42. Ke1 Qxh5 43. Qd8+ Kh7 44. Qxc8 Qxe5 45. Qxb7 Qe4 46. c4
Bb6 47. Qf7 a5 48. Kd1 Be3 49. Qb7 Qd3+ 50. Ke1 Qd2+ 51. Kf1 Qd1+ 52. Kg2 Qxe2+
53. Kg3 Qf2+ 54. Kg4 Qf4+ 55. Kh3 Qf3+ 56. Kh2 Bf4+ 57. Kg1 Qd1+ 58. Kg2 a4 59.
Qxc6 Qe2+ 60. Kg1 a3 61. Qd7 Be3+ 62. Kh1 Qf1+ 63. Kh2 Bf4# 0-1

[Event "International Championship of Central Se"]
[Site "Paracin, hotel "]
[Date "2012.07.12"]
[Round "8.44"]
[White "Katic, Goran"]
[Black "Filipovic, Tomislav S"]
[Result "1-0"]
[WhiteElo "1989"]
[BlackElo "1865"]
[PlyCount "79"]
[EventDate "2012.07.06"]

1. e4 e6 2. d4 d5 3. Nd2 Nf6 4. e5 Nfd7 5. Bd3 c5 6. c3 cxd4 7. cxd4 Nc6 8. Ne2
Be7 9. O-O f6 10. Nf4 Nf8 11. Qh5+ Kd7 12. Qf7 fxe5 13. Qxg7 Ng6 14. Nxg6 hxg6
15. Nb3 Rg8 16. Qh7 e4 17. Bb5 g5 18. f3 Rh8 19. Qg7 Rg8 20. Qf7 Rf8 21. Qh5
Rh8 22. Qf7 Rf8 23. Qg7 Rg8 24. Qh6 Rh8 25. Qg6 Rg8 26. Qh5 Rh8 27. Qg4 Rh4 28.
Qg3 exf3 29. Qxf3 Qh8 30. h3 Kd8 31. Bxc6 bxc6 32. Bd2 Ba6 33. Ba5+ Kd7 34. Qf7
Bxf1 35. Nc5+ Kc8 36. Qxe6+ Kb8 37. Bc7+ Kxc7 38. Qd7+ Kb6 39. Qb7+ Ka5 40. b4#
1-0